Normal view
MARC view
- Chopra, Sunil, Meindl, Peter, Kalra, D. V
Entry Personal Name
001 - CONTROL NUMBER
- control field: 66016
003 - CONTROL NUMBER IDENTIFIER
- control field: NUST
005 - DATE AND TIME OF LATEST TRANSACTION
- control field: 20210628203526.0
008 - FIXED-LENGTH DATA ELEMENTS
- fixed length control field: 210628|| aca||aabn | a|a d
040 ## - CATALOGING SOURCE
- Original cataloging agency: NUST
- Transcribing agency: NUST
100 ## - HEADING--PERSONAL NAME
- Personal name: Chopra, Sunil, Meindl, Peter, Kalra, D. V
670 ## - SOURCE DATA FOUND
- Source citation: Work cat.: (NUST): Chopra, Sunil, Meindl, Peter, Kalra, D. V, Supply chain management, strategy, planning, and operation, 2009
